000 00727nam0a22002291 4500
001 rc\754546
005 20250622121520.0
035 _a(NLR Aleph) 006282702
090 _a7066496
_c7066496
100 _a20040301d1985 |||y0rusy50 ca
101 0 _arus
102 _aRU
105 _aa |||||||||
200 1 _aВызов судьбе
_eПовесть
_fСтанислав Калиничев
_g[Худож. О.В. Духневич]
210 _aКиев
_cРад. письменник
_d1985
215 _a303 с.
_cил.
_d17
700 1 _aКалиничев
_bС.С.
_f1931-
_gСтанислав Сергеевич
801 0 _aRU
_bNLR
_gpsbo
801 1 _aRU
_bELAR
_2rusmarc
852 _aNLR
_j85-2/1758
942 _cBOOK
980 _aNB